000 00334nam a22001337a 4500
005 20170628110112.0
008 170628b xxu||||| |||| 00| 0 eng d
022 _a0019-5022
245 _aThe Indian Journal of Agricultural Sciences
250 _aVolume 87, Issue No -5
260 _aDelhi
_bICAR
_c2017
300 _a140
942 _cJRL
999 _c5487
_d5485